000 01178nas a2200349 i 4500
001 600
003 ES-MaACL
005 20250814062548.0
007 t|
008 950801d1923 xxk | | 1 ||ng d
080 _a930
245 0 0 _aBulletin of the Institute of Historical Research.
246 1 3 _aHistorical research
260 _aLondon :
_bUniversity of London, Institute of Historical Research,
_c1923-
300 _a30 v. ;
_c25 cm.
310 _aTrimestral,
_b2001-
321 _aCuatrimestral,
_b1987-2000
321 _aSemestral,
_bhasta 1986
362 0 _aV. I (1923)-
650 1 7 _aHistoria
_2embne
_9179933
650 4 _aInstituciones científicas y diversas
_913829
655 7 _2tgfbne
_9226866
_aRevistas
700 1 _aEdwards, J.G.
_946672
710 2 _aInstitute of Historical Research (
_cLondres)
_94781
785 0 0 _tHistorical Research
852 _aES-MaACL
_jHEM-H-106
_dOlim: Hem-882
_cHEM
856 _uhttps://dialnet.unirioja.es/servlet/revista?codigo=4471
_ySumarios de la revista en Dialnet
866 0 _o1950-1956,1976-1986(1988)1989-2008.
942 _2udc
_cPERIODICA
999 _c600
_d600